ARISTOTLE THE POLITICS (Record no. 584740)
[ view plain ]
| 000 -LEADER | |
|---|---|
| fixed length control field | 00242nam a22001097a 4500 |
| 082 ## - DEWEY DECIMAL CLASSIFICATION NUMBER | |
| Classification number | 320.092 SIN'A |
| 100 ## - MAIN ENTRY--PERSONAL NAME | |
| Personal name | SINCLAIR, T. A |
| 9 (RLIN) | 79738 |
| 245 ## - TITLE STATEMENT | |
| Title | ARISTOTLE THE POLITICS |
| 260 ## - PUBLICATION, DISTRIBUTION, ETC. | |
| Place of publication, distribution, etc. | LONDON |
| Name of publisher, distributor, etc. | PENGIUN |
| Date of publication, distribution, etc. | 1967 |
| 300 ## - PHYSICAL DESCRIPTION | |
| Extent | 319P |
| 942 ## - ADDED ENTRY ELEMENTS (KOHA) | |
| Koha item type | Book |
| Withdrawn status | Lost status | Damaged status | Not for loan | Permanent Location | Current Location | Shelving location | Date acquired | Total Checkouts | Full call number | Barcode | Date last seen | Price effective from | Koha item type |
|---|---|---|---|---|---|---|---|---|---|---|---|---|---|
| College of Electrical & Mechanical Engineering (CEME) | College of Electrical & Mechanical Engineering (CEME) | General Stacks | 07/05/2017 | 320.092 SIN'A | CEME-6294 | 06/28/2021 | 06/28/2021 | Book |
